000 01136nam a22003497a 4500
003 CHAP
005 20220329134210.0
008 971013s1992 r 00010 d
010 _a16844
011 _a17816
035 _a21900
040 _cCHAP
090 _aTesis
100 0 0 _aTello García, Pedro.
_9112102
245 _aTrampeo semanal de adultos de moscas de la fruta Anastrepha spp. (Diptera : tephrilidae) en mango
260 _aXalisco, Nay. :
_bEl autor,
_c1992
300 _a56 h.
502 _aTesis (Ing. Agr.) -- UAN. Escuela Superior de Agricultura
590 _aALEPH
_b10
_c20130110
_lUCH01
_h1239
590 _aBATCH-UPD
_b10
_c20130110
_lUCH01
_h1626
590 _aBATCH-UPD
_b10
_c20130410
_lUCH01
_h1020
590 _aBATCH-UPD
_b10
_c20130914
_lUCH01
_h1646
590 _aCONVERSION
_b10
_c20130109
_lUCH01
_h1310
650 1 4 _aAnastrepha.
_95486
650 1 4 _aInsectos
_xIdentificación.
_958929
650 1 4 _aMango
_xPlagas.
_970443
650 1 4 _aMosca de la fruta.
_978989
650 1 4 _aTrampas para insectos.
_9114609
901 _aBK
942 _cTESIS
949 _bBC
_cTES
_d-50923
_eTS1
_h25516
_i21900
_si
999 _c16844
_d16844